Convención de Viena sobre el derecho de los tratados

La Convención de Viena sobre el Derecho de los Tratados no tiene un autor individual, sino que fue redactada por la Comisión de Derecho Internacional (CDI) de las Naciones Unidas y finalizada por una conferencia internacional de plenipotenciarios convocada para este propósito, que la adoptó en 1969....

Full description

Bibliographic Details
Corporate Author: Naciones Unidas
Format: Recurso en linea
Language:Spanish
Online Access:Acceso electrónico al documento

MARC

LEADER 00000cab a2200000 a 4500
001 041041
003 UAHC_CL
005 20250912194201.0
008 250912s1969sl 000 spa spa d
040 |a UAHC_CL  |c UAHC_CL  |d UAHC_CL 
110 |a Naciones Unidas  |9 6026 
245 1 0 |a Convención de Viena sobre el derecho de los tratados  |c Naciones Unidas. 
264 |a Viena :  |c 1969. 
300 |a 29 páginas 
500 |a SitIo visitado https://www.oas.org/xxxivga/spanish/reference_docs/convencion_viena.pdf el 12 de septiembre de 2025. 
520 |a La Convención de Viena sobre el Derecho de los Tratados no tiene un autor individual, sino que fue redactada por la Comisión de Derecho Internacional (CDI) de las Naciones Unidas y finalizada por una conferencia internacional de plenipotenciarios convocada para este propósito, que la adoptó en 1969.  
856 |y Acceso electrónico al documento  |u https://www.oas.org/xxxivga/spanish/reference_docs/convencion_viena.pdf 
942 |c RL  |2 ddc 
952 |0 0  |1 0  |4 0  |6 RECURSO_ELECTRÓNICO  |7 0  |8 COMP  |9 101312  |a BR  |b BR  |c Digital  |d 2025-09-12  |l 0  |o Recurso electrónico  |r 2025-09-12 19:38:14  |w 2025-09-12  |y RL  |B DER 
999 |c 63034  |d 63034